|
|
|
|
| LEADER |
00000nas a2200000 a 4500 |
| 001 |
ssj0001611 |
| 003 |
WaSeSS |
| 005 |
20200512172242.0 |
| 006 |
m d |
| 007 |
cr n |
| 008 |
050615c19699999txuqr p s 0 a0eng |
| 010 |
|
|
|a 2007216124
|
| 022 |
|
|
|a 1934-1512
|y 0039-3827
|
| 035 |
|
|
|a (WaSeSS)ssj0001611
|
| 037 |
|
|
|b John Hopkins University Press, 2715 N. Charles St., Baltimore, MD 21218
|
| 040 |
|
|
|a OCLCS
|b eng
|c OCLCS
|d NSD
|d BUF
|d OCLCQ
|d MYG
|d DLC
|d EYM
|d OCLCQ
|d OCLCF
|d VT2
|d OCLCQ
|d OCLCA
|d WaSeSS
|
| 042 |
|
|
|a pcc
|a nsdp
|
| 050 |
|
4 |
|a PN3311
|b .S82
|
| 082 |
1 |
0 |
|a 809.3/3/05
|2 14
|
| 130 |
0 |
|
|a Studies in the novel (Online)
|
| 222 |
|
0 |
|a Studies in the novel
|b (Online)
|
| 245 |
1 |
0 |
|a Studies in the novel
|h [electronic resource].
|
| 260 |
|
|
|a [Denton, Tex.] :
|b North Texas State University,
|c ©1969-
|
| 310 |
|
|
|a Quarterly
|
| 362 |
1 |
|
|a Began with: Vol. 1, no. 1 (spring 1969).
|
| 506 |
|
|
|a License restrictions may limit access.
|
| 588 |
|
|
|a Description based on: Vol. 1, no. 1 (spring 1969); title from PDF cover (JSTOR, viewed June 15, 2012).
|
| 588 |
|
|
|a Latest issue consulted: Vol. 43, no. 4 (winter 2011) (JSTOR, viewed June 15, 2012).
|
| 650 |
|
0 |
|a Fiction
|x History and criticism
|v Periodicals.
|
| 650 |
|
7 |
|a Fiction.
|2 fast
|0 (OCoLC)fst00923709
|
| 655 |
|
0 |
|a Electronic journals.
|
| 710 |
2 |
|
|a North Texas State University.
|
| 776 |
0 |
8 |
|i Print version:
|t Studies in the novel
|x 0039-3827
|w (DLC) 78004914
|w (OCoLC)1766749
|
| 856 |
4 |
0 |
|z Full text available from Research Library: 07/01/1994 to 1 year ago
|u https://search.proquest.com/publication/37071
|